Catálogo
 En Linea

La psicología humanista : (Registro nro. 34280)

Detalles MARC
000 -CABECERA
campo de control de longitud fija 00584nam a2200181 a 4500
001 - NÚMERO DE CONTROL
campo de control 000034789
005 - FECHA Y HORA DE LA ÚLTIMA TRANSACCIÓN
campo de control 20200930073914.0
008 - DATOS DE LONGITUD FIJA--INFORMACIÓN GENERAL
campo de control de longitud fija 111019s1982 mx 000 0 spa d
040 ## - FUENTE DE LA CATALOGACIÓN
Centro catalogador/agencia de origen DO-SdBNP
Lengua de catalogación spa
Centro/agencia transcriptor BNPHU
082 ## - NÚMERO DE LA CLASIFICACIÓN DECIMAL DEWEY
Número de clasificación 150.19
Número de documento/Ítem M385p
049 ## - FONDOS LOCALES (OCLC)
Fondos de biblioteca BNGR
100 1# - ENTRADA PRINCIPAL--NOMBRE DE PERSONA
Nombre de persona Martínez M., Miguel
9 (RLIN) 60286
245 13 - MENCIÓN DE TÍTULO
Título La psicología humanista :
Resto del título fundamentación epistemológica, estructura y método /
Mención de responsabilidad, etc. Miguel Martínez M.
260 ## - PUBLICACIÓN, DISTRIBUCIÓN, ETC.
Lugar de publicación, distribución, etc. México :
Nombre del editor, distribuidor, etc. Trillas,
Fecha de publicación, distribución, etc. 1982.
300 ## - DESCRIPCIÓN FÍSICA
Extensión 170 p ;
Dimensiones 24 cm.
650 #4 - PUNTO DE ACCESO ADICIONAL DE MATERIA--TÉRMINO DE MATERIA
Término de materia o nombre geográfico como elemento de entrada Psicología humanística
9 (RLIN) 35215
910 ## - DATOS DE OPCIÓN DEL USUARIO (OCLC)
Datos de opción del usuario Validado. Control de calidad MFF
Existencias
Estado de retiro Estado de pérdida Restricciones de uso No para préstamo Código de colección Localización permanente Ubicación/localización actual Ubicación en estantería Fecha de adquisición Número de inventario Total de préstamos Signatura topográfica completa Código de barras Fecha visto por última vez Precio válido a partir de Tipo de ítem Koha Nota pública
    Préstamo interno   Monografías: Libros y Folletos General General Depósito 19.10.2011 LF1   150.19 M385p 34789-10 25.06.2020 25.06.2020 Préstamo interno Perteneció a la biblioteca personal de Juan Isidro Jimenes -Grullón

Con tecnología Koha